000 01079nac a22003377a 4500
001 BR2016004993
003 BR-BrBNA
005 20240105124039.0
008 230509b bl.|||m| |||| 00| 0 por d
040 _aBR-BrBNA
_bpor
_cBiblioteca Nacional de Agricultura
041 _a(En)
090 _a0960 BR2016004993
100 1 _aBalbino, J.M. de S.
100 1 _aBremenkamp, C.A.
100 1 _acosta, a.F. da
100 1 _aBorges, V.A.J.
110 1 _aEmpresa Capixaba de Pesquisa Agropecuária, Vitória, ES (Brasil)
245 1 _aBoas práticas de colheita e de pós-colheita: qualidade e aproveitamento do morango
260 3 _aVitória, ES (Brasil):
_c2016.
300 _a23 p.
490 _aDocumentos - Empresa Capixaba de Pesquisa Agropecuária (Brazil)
_vno. 241
_xISSN 1519-2059
500 _a6 illus.
650 _aMORANGO
650 _aPÓS-COLHEITA
650 _aPRÁTICA CULTURAL
650 _aVALOR NUTRITIVO
650 _aPRODUÇÃO
650 _aESPIRITO SANTO
909 _a202312
_bLúcia Elande
_c55
_dLúcia Elande
942 _2AGRIS
_n0
_cMS
999 _c298137
_d298137